000 00377nam a22001577a 4500
999 _c3953
_d3953
008 200708b ||||| |||| 00| 0 eng d
082 0 0 _a531.110151
_bR1831
100 _93270
_aRamsey, A. S.
245 1 0 _aDynamics, Part-1
_cby A. S. Ramsey
250 _a2nd ed.
260 _aLondon
_bELBS
_c1961
300 _axii,259p.
365 _d7.20
650 0 _aDynamics
942 _cBK